| 000 | 00468nmm a2200169Ia 4500 | ||
|---|---|---|---|
| 008 | 251105s9999||||xx |||||||||||||||||und|| | ||
| 020 | _a9788498168051 | ||
| 041 | _aspa | ||
| 100 | _aCastro y Bellvís, Guillén de | ||
| 245 | 0 | _aLos mal casados en Valencia | |
| 264 |
_a[Madrid, España] : _bLinkgua, _c2016 |
||
| 300 | _a140 páginas | ||
| 490 | _aTeatro | ||
| 650 | _aSpanish theater | ||
| 856 | _uhttps://public.digitaliapublishing.com/a/16088 | ||
| 942 | _cCF | ||
| 999 |
_c91463 _d91463 |
||